| 000 | 00477nam a2200193Ia 4500 | ||
|---|---|---|---|
| 003 | GCL | ||
| 008 | 140319s9999 xx 000 0 eng d | ||
| 040 |
_aGCL / _cGCL |
||
| 082 | 0 | 4 |
_a944.08 _bE H |
| 100 | 1 | _aHOBSFWM, E.J. | |
| 245 | 1 | 0 |
_aL'ERE DES EMPIRES: 1875 - 1914 / _cHOBSFWM, E.J. |
| 700 | 1 | _aHOBSBAUM, PHILIP | |
| 260 |
_a[S.N] : _bFAYARD ، _c1989 |
||
| 300 | _a495 P | ||
| 650 | 0 | 4 | _aFRANCE - HISTORY |
| 650 | 0 | 4 | _aHISTORY |
| 650 | 0 | 4 | _aEMPIRE |
| 942 |
_2ddc _cBK |
||
| 999 |
_c25679 _d25679 |
||